000 00475nam a2200181Ia 4500
005 20250326141919.0
008 250326s9999 xx 000 0 und d
037 _aTextbook
040 _aFMSL
_beng
_cFMSL
041 _aeng
_2eng
084 _qFMSL
100 _aJakhotiya G P
245 0 _aBudgeting and Budgetory control
_cJakhotiya G P
260 _aNew Delhi
_bNew Delhi, Tata Mc Graw Hill
_c1989
300 _a149p
942 _cTB
999 _c1292577
_d1292577